Road to Kashmir / (Record no. 22813)

MARC details
000 -LEADER
fixed length control field 00721cam a22002531 4500
001 - CONTROL NUMBER
control field 7490421
003 - CONTROL NUMBER IDENTIFIER
control field BDDh-ASL
005 - DATE AND TIME OF LATEST TRANSACTION
control field 20231015030148.0
008 - FIXED-LENGTH DATA ELEMENTS--GENERAL INFORMATION
fixed length control field 740703s1948 pk 000 0 eng
010 ## - LIBRARY OF CONGRESS CONTROL NUMBER
LC control number 60025149
035 ## - SYSTEM CONTROL NUMBER
System control number (OCoLC)935871
040 ## - CATALOGING SOURCE
Original cataloging agency DLC
Transcribing agency NSyU
Modifying agency DLC
-- BDDh-ASL
042 ## - AUTHENTICATION CODE
Authentication code premarc
050 00 - LIBRARY OF CONGRESS CALL NUMBER
Classification number DS485.K2
Item number D3
082 ## - DEWEY DECIMAL CLASSIFICATION NUMBER
Classification number 954.6
Item number MHR
100 1# - MAIN ENTRY--PERSONAL NAME
Personal name De Mhaffe, A.
245 10 - TITLE STATEMENT
Title Road to Kashmir /
260 ## - PUBLICATION, DISTRIBUTION, ETC.
Place of publication, distribution, etc. Lahore :
Name of publisher, distributor, etc. Ripon Print. Press,
Date of publication, distribution, etc. [1948?].
300 ## - PHYSICAL DESCRIPTION
Extent xxiii, 206 p. :
Other physical details fold. map.
Dimensions 22 cm.
500 ## - GENERAL NOTE
General note Errata slip inserted.
651 #0 - SUBJECT ADDED ENTRY--GEOGRAPHIC NAME
Geographic name Jammu and Kashmir (India)
General subdivision Politics and government.
906 ## - LOCAL DATA ELEMENT F, LDF (RLIN)
a 7
b cbc
c oclcrpl
d u
e ncip
f 19
g y-gencatlg
942 ## - ADDED ENTRY ELEMENTS (KOHA)
Source of classification or shelving scheme Dewey Decimal Classification
Koha item type Books
Holdings
Withdrawn status Lost status Source of classification or shelving scheme Damaged status Not for loan Collection code Home library Current library Shelving location Date acquired Source of acquisition Total Checkouts Full call number Barcode Date last seen Copy number Price effective from Koha item type Public note
    Dewey Decimal Classification Damaged Not For Loan Non-fiction Asiatic Society Library Asiatic Society Library General Stacks 03/06/2021 ASB Library Collections   954.6 MHR 107129 03/06/2021 C-1 03/06/2021 Books RARE

Powered by Koha